000 00401nam a2200181Ia 4500
001 5275
005 20260306145856.0
008 260306t2001||||xx |||||||||||||| ||spa||
041 _aESP
082 _a338.5
_bF81 2001
100 _aFrank, Robert H.
_eAUT
245 0 _aMicroeconomía y conducta
260 _c2001
300 _a
_c
650 _aGEN
654 _aCAN
942 _cLIB
_dJUS
_fJUS
_2ddc
_n
999 _c5275
_d5275